000 00681nam a2200241Ia 4500
003 OSt
005 20220928130417.0
006 a|||||r|||| 00| 0
007 ta
008 220927b |||||||| |||| 00| 0 eng d
024 _a46637
037 _cTextual
040 _aSDCL
_cSDCL
_beng
041 _2eng
_aeng
082 _aS:843g, P0
100 _aRappaport Julian Ed.
_9473858
245 0 _aHandbook of community psychology.
260 _aNew York
_b Kluwer Academic
_c2000
300 _axxi,1011p
_ccm.
700 _a Seidman Edward Ed.
_9473859
942 _hS:843g, P0
_cTEXL
_2CC
999 _c786458
_d786458